<?xml version="1.0" encoding="UTF-8"?>
<record
    xmlns:xsi="http://www.w3.org/2001/XMLSchema-instance"
    xsi:schemaLocation="http://www.loc.gov/MARC21/slim http://www.loc.gov/standards/marcxml/schema/MARC21slim.xsd"
    xmlns="http://www.loc.gov/MARC21/slim">

  <leader>00742cam a22002051  4500</leader>
  <controlfield tag="001">f  01003036 </controlfield>
  <controlfield tag="003">DLC</controlfield>
  <controlfield tag="005">20260227111245.0</controlfield>
  <controlfield tag="008">821210s1883    fr            000 0cfre  </controlfield>
  <datafield tag="010" ind1=" " ind2=" ">
    <subfield code="a">f  01003036 </subfield>
  </datafield>
  <datafield tag="035" ind1=" " ind2=" ">
    <subfield code="a">(OCoLC)9039152</subfield>
  </datafield>
  <datafield tag="040" ind1=" " ind2=" ">
    <subfield code="a">DLC</subfield>
    <subfield code="c">ScU</subfield>
    <subfield code="d">ScU</subfield>
    <subfield code="d">DLC</subfield>
  </datafield>
  <datafield tag="050" ind1="0" ind2="0">
    <subfield code="a">DC33.4</subfield>
    <subfield code="b">.B67</subfield>
  </datafield>
  <datafield tag="100" ind1="1" ind2=" ">
    <subfield code="a">Bonhomme, Honor&#xE9;,</subfield>
    <subfield code="d">1811-</subfield>
  </datafield>
  <datafield tag="245" ind1="1" ind2="0">
    <subfield code="a">Grandes dames et p&#xE9;cheresses;</subfield>
    <subfield code="b">&#xE9;tudes d'histoire et de m&#x153;urs au XVIIIe si&#xE8;cle, d'apr&#xE8;s des documents in&#xE9;dits.</subfield>
  </datafield>
  <datafield tag="260" ind1=" " ind2=" ">
    <subfield code="a">Paris,</subfield>
    <subfield code="b">Charavay fr&#xE8;res,</subfield>
    <subfield code="c">1883.</subfield>
  </datafield>
  <datafield tag="300" ind1=" " ind2=" ">
    <subfield code="a">377 p.</subfield>
    <subfield code="b">front.</subfield>
  </datafield>
  <datafield tag="505" ind1="0" ind2=" ">
    <subfield code="a">Mme. Dupin de Chenonceau.--Mme d'Arty.--Mme de La Touche.--Samuel Bernard.--Mme. Vimeux--Mme. Geoffrin et sa fille.--Appendice.</subfield>
  </datafield>
  <datafield tag="650" ind1=" " ind2="0">
    <subfield code="a">Women</subfield>
    <subfield code="z">France</subfield>
    <subfield code="x">Biography.</subfield>
  </datafield>
  <datafield tag="999" ind1=" " ind2=" ">
    <subfield code="c">22981</subfield>
    <subfield code="d">22981</subfield>
  </datafield>
</record>
